Capitales Mundiales más cercanas a Sevilla (España) - Estadísticas

Estadísticas generales
  • Esta prueba ha sido intentada 321 veces
  • La puntuación promedio es 9 de 12
Estadísticas de respuestas
km Capital millas % Correcto
1441 París 895
97%
312 Lisboa 194
95%
1656 Roma 1028
95%
391 Madrid 242
88%
382 Rabat 237
82%
1636 Londres 1017
74%
805 Argel 501
72%
1435 Túnez 892
67%
1531 Berna 951
57%
856 Andorra la Vella 532
49%
1653 Ciudad del Vaticano 1027
49%
1669 Luxemburgo 1037
46%
No se encontraron pruebas coincidentes
Distribución de puntuación
Porcentaje de gente con cada puntuación
Porcentaje por número respondido
Historial de tus puntuaciones
No has intentado esta prueba.